000 00768nam a22002297a 4500
005 20100814113657.0
010 _aENG-99902
020 _a9788128824739
_c95.00
035 _aEN-83434
037 _bDBAD/PUB
082 _a230.1
100 _aSharma, Narayan
_913127
245 _aTales of Gods & Goddesses /
_cby Narayan Sharma
260 _aNew Delhi
_bDiamond Pocket Books
_c2010
270 _aX-30, Okhla Industrial Area, Phase-II
_bNew Delhi
_e110020
300 _a180p.
_c22cm (pbk)
650 _aMythology
_xHinduism
_913128
700 _913083
700 _913084
942 _2ddc
_cEN
_h230.1
_mSHA
999 _c41817
_d41817